000 00373nam a2200157Ia 4500
005 20250326141540.0
008 250326s9999 xx 000 0 und d
037 _aTextbook
040 _aFMSL
_beng
_cFMSL
041 _aeng
_2eng
084 _qFMSL
245 0 _aBusiness India 19 March-27 May, 1990
260 _c1990
942 _cTB
999 _c1290830
_d1290830